[Event "DEM U10w 2019"]
[Site "Willingen GER"]
[Date "2019.06.13"]
[Round "8"]
[White "Bangiev, Katharina"]
[Black "Trunz, Tamila"]
[Result "0-1"]
[Termination "normal"]
[Board "3"]
[WhiteElo "1003"]
[BlackElo "1273"]
[WhiteClock "00:12:16"]
[BlackClock "00:10:55"]
[PlyCount "132"]
[WhiteFideId "16267230"]
[BlackFideId "16267885"]
[EventCountry "GER"]
[EventRounds "11"]
[EventType "swiss"]
[EventDate "2019.06.08"]

1. Nf3 {[%clk 1:15:55]} 1... c5 {[%clk 1:15:49]} 2. g3 {[%clk 1:16:15]} 2... d6
{[%clk 1:16:07]} 3. Bg2 {[%clk 1:16:19]} 3... Nc6 {[%clk 1:16:26]} 4. O-O {
[%clk 1:16:31]} 4... g6 {[%clk 1:16:25]} 5. d3 {[%clk 1:16:49]} 5... Bg7 {
[%clk 1:16:43]} 6. Nc3 {[%clk 1:16:20]} 6... e6 {[%clk 1:16:49]} 7. e4 { [%clk
1:16:27]} 7... Nge7 {[%clk 1:16:51]} 8. Be3 {[%clk 1:16:11]} 8... Nd4 { [%clk
1:17:03]} 9. Bxd4 {[%clk 1:15:59]} 9... cxd4 {[%clk 1:16:28]} 10. Ne2 { [%clk
1:15:18]} 10... Nc6 {[%clk 1:16:01]} 11. c3 {[%clk 1:13:46]} 11... dxc3 { [%clk
1:10:07]} 12. bxc3 {[%clk 1:13:24]} 12... O-O {[%clk 1:09:49]} 13. d4 { [%clk
1:12:14]} 13... Rb8 {[%clk 1:07:58]} 14. Rb1 {[%clk 1:03:18]} 14... b5 { [%clk
1:07:55]} 15. a4 {[%clk 1:01:01]} 15... Qa5 {[%clk 1:01:51]} 16. axb5 { [%clk
1:00:43]} 16... Rxb5 {[%clk 1:01:43]} 17. Ra1 {[%clk 0:59:28]} 17... Qb6 {[%clk
1:00:06]} 18. Qd3 {[%clk 0:57:06]} 18... a5 {[%clk 0:58:40]} 19. Rfb1 { [%clk
0:55:20]} 19... Ba6 {[%clk 0:53:09]} 20. c4 {[%clk 0:54:57]} 20... Rxb1+ {[%clk
0:52:20]} 21. Rxb1 {[%clk 0:55:17]} 21... Nb4 {[%clk 0:50:33]} 22. Qc3 { [%clk
0:53:11]} 22... Rc8 {[%clk 0:50:31]} 23. Nd2 {[%clk 0:51:44]} 23... Qc7 { [%clk
0:48:16]} 24. Qa3 {[%clk 0:46:07]} 24... d5 {[%clk 0:37:13]} 25. exd5 { [%clk
0:41:07]} 25... exd5 {[%clk 0:37:08]} 26. Bh3 {[%clk 0:40:33]} 26... Re8 {[%clk
0:36:49]} 27. Qf3 {[%clk 0:34:26]} 27... dxc4 {[%clk 0:35:23]} 28. Rc1 { [%clk
0:30:38]} 28... Bb7 {[%clk 0:32:17]} 29. Qf4 {[%clk 0:24:57]} 29... Qxf4 {[%clk
0:31:53]} 30. Nxf4 {[%clk 0:25:13]} 30... c3 {[%clk 0:29:35]} 31. Rxc3 { [%clk
0:24:36]} 31... Re1+ {[%clk 0:28:31]} 32. Nf1 {[%clk 0:23:19]} 32... Bxd4
{[%clk 0:27:51]} 33. Ra3 {[%clk 0:22:58]} 33... Bb6 {[%clk 0:25:58]} 34. Ng2 {
[%clk 0:21:06]} 34... Re2 {[%clk 0:23:11]} 35. Nge3 {[%clk 0:18:23]} 35... Nd5
{[%clk 0:17:30]} 36. Bg4 {[%clk 0:15:56]} 36... Rb2 {[%clk 0:13:01]} 37. Rd3 {
[%clk 0:11:41]} 37... Nxe3 {[%clk 0:12:11]} 38. Nxe3 {[%clk 0:11:52]} 38...
Rb1+ {[%clk 0:11:26]} 39. Rd1 {[%clk 0:09:16]} 39... Rxd1+ {[%clk 0:11:20]} 40.
Bxd1 {[%clk 0:09:35]} 40... Kf8 {[%clk 0:09:09]} 41. Kf1 {[%clk 0:09:36]} 41...
Ba6+ {[%clk 0:07:52]} 42. Ke1 {[%clk 0:09:50]} 42... Bxe3 {[%clk 0:07:38]} 43.
fxe3 {[%clk 0:10:13]} 43... Ke7 {[%clk 0:07:28]} 44. Kd2 {[%clk 0:10:27]} 44...
Kd6 {[%clk 0:07:31]} 45. Kc3 {[%clk 0:09:54]} 45... Kc5 {[%clk 0:05:49]} 46.
Bb3 {[%clk 0:09:49]} 46... f6 {[%clk 0:05:06]} 47. Bg8 {[%clk 0:07:27]} 47...
h6 {[%clk 0:04:57]} 48. Kb3 {[%clk 0:06:45]} 48... Bb5 {[%clk 0:04:29]} 49. Kc3
{[%clk 0:06:15]} 49... a4 {[%clk 0:03:44]} 50. Ba2 {[%clk 0:05:33]} 50... g5 {
[%clk 0:01:36]} 51. Be6 {[%clk 0:04:56]} 51... Kd6 {[%clk 0:00:59]} 52. Ba2 {
[%clk 0:04:46]} 52... Ke5 {[%clk 0:00:49]} 53. Kd2 {[%clk 0:03:10]} 53... h5 {
[%clk 0:14:19]} 54. Ke1 {[%clk 0:18:03]} 54... h4 {[%clk 0:13:56]} 55. Kf2 {
[%clk 0:18:07]} 55... Ke4 {[%clk 0:13:28]} 56. Bb1+ {[%clk 0:15:06]} 56... Bd3
{[%clk 0:13:40]} 57. Ba2 {[%clk 0:15:11]} 57... a3 {[%clk 0:12:39]} 58. gxh4 {
[%clk 0:12:07]} 58... gxh4 {[%clk 0:12:27]} 59. Bf7 {[%clk 0:11:30]} 59... Bb1
{[%clk 0:11:15]} 60. Bg6+ {[%clk 0:11:40]} 60... f5 {[%clk 0:11:31]} 61. Bf7 {
[%clk 0:11:07]} 61... a2 {[%clk 0:11:42]} 62. Bxa2 {[%clk 0:11:27]} 62... Bxa2
{[%clk 0:11:58]} 63. Ke2 {[%clk 0:11:34]} 63... Bc4+ {[%clk 0:11:07]} 64. Kf2 {
[%clk 0:11:46]} 64... h3 {[%clk 0:10:37]} 65. Kg3 {[%clk 0:11:52]} 65... Kxe3 {
[%clk 0:10:47]} 66. Kxh3 {[%clk 0:12:16]} 66... f4 {[%clk 0:10:55]} 0-1

[Event "DEM U10w 2019"]
[Site "Willingen GER"]
[Date "2019.06.13"]
[Round "8"]
[White "Pröttel, Ela"]
[Black "Lichtenegger, Katharina"]
[Result "1-0"]
[Termination "normal"]
[Board "4"]
[WhiteElo "1333"]
[BlackElo "1238"]
[WhiteClock "00:07:08"]
[BlackClock "00:12:29"]
[PlyCount "131"]
[WhiteFideId "44582749"]
[BlackFideId "16287355"]
[EventCountry "GER"]
[EventRounds "11"]
[EventType "swiss"]
[EventDate "2019.06.08"]

1. d4 {[%clk 1:15:58]} 1... d5 {[%clk 1:15:52]} 2. Bf4 {[%clk 1:16:15]} 2...
Nf6 {[%clk 1:14:56]} 3. e3 {[%clk 1:16:18]} 3... Bf5 {[%clk 1:14:00]} 4. Nf3 {
[%clk 1:12:48]} 4... Nbd7 {[%clk 1:12:03]} 5. c4 {[%clk 1:10:23]} 5... e6 {
[%clk 1:10:06]} 6. Nc3 {[%clk 1:06:27]} 6... c6 {[%clk 1:08:45]} 7. Qb3 { [%clk
1:05:38]} 7... b6 {[%clk 1:04:51]} 8. Be2 {[%clk 1:05:28]} 8... Ne4 { [%clk
1:00:29]} 9. Nxe4 {[%clk 1:04:09]} 9... Bxe4 {[%clk 0:59:50]} 10. O-O { [%clk
1:01:44]} 10... c5 {[%clk 0:55:53]} 11. Rfe1 {[%clk 0:56:25]} 11... Be7 { [%clk
0:53:16]} 12. Nd2 {[%clk 0:50:23]} 12... dxc4 {[%clk 0:47:59]} 13. Bxc4 13...
Bc6 {[%clk 0:43:55]} 14. d5 {[%clk 0:32:27]} 14... exd5 {[%clk 0:38:39]} 15.
Bxd5 {[%clk 0:32:33]} 15... Bxd5 {[%clk 0:38:22]} 16. Qxd5 {[%clk 0:32:32]}
16... Nf6 {[%clk 0:37:16]} 17. Qc6+ {[%clk 0:25:28]} 17... Nd7 {[%clk 0:32:43]}
18. Nc4 {[%clk 0:20:55]} 18... O-O {[%clk 0:29:02]} 19. Red1 {[%clk 0:20:23]}
19... Bf6 {[%clk 0:19:56]} 20. Qxd7 {[%clk 0:19:24]} 20... Qxd7 {[%clk 0:20:09]
} 21. Rxd7 {[%clk 0:19:30]} 21... Rad8 {[%clk 0:20:03]} 22. Rad1 { [%clk
0:18:56]} 22... Rfe8 {[%clk 0:19:40]} 23. Rxd8 {[%clk 0:17:43]} 23... Bxd8
{[%clk 0:19:34]} 24. Rd7 {[%clk 0:17:28]} 24... Bf6 {[%clk 0:18:33]} 25. Nd6
{[%clk 0:15:16]} 25... Rd8 {[%clk 0:17:38]} 26. Rxd8+ {[%clk 0:14:25]} 26...
Bxd8 {[%clk 0:17:58]} 27. Kf1 {[%clk 0:14:01]} 27... Kf8 {[%clk 0:17:30]} 28.
Nb5 {[%clk 0:13:41]} 28... a6 {[%clk 0:17:37]} 29. Nc7 {[%clk 0:13:17]} 29...
a5 {[%clk 0:17:42]} 30. Nd5 {[%clk 0:12:34]} 30... g5 {[%clk 0:17:17]} 31. Bc7
{[%clk 0:12:18]} 31... Bxc7 {[%clk 0:17:01]} 32. Nxc7 {[%clk 0:12:34]} 32... c4
{[%clk 0:16:20]} 33. Nd5 {[%clk 0:12:43]} 33... b5 {[%clk 0:16:12]} 34. f4
{[%clk 0:12:52]} 34... g4 {[%clk 0:15:24]} 35. Nf6 {[%clk 0:12:59]} 35... Kg7
{[%clk 0:14:39]} 36. Nxg4 {[%clk 0:12:42]} 36... a4 {[%clk 0:14:32]} 37. Ke2
{[%clk 0:12:53]} 37... b4 {[%clk 0:13:23]} 38. Ne5 {[%clk 0:12:48]} 38... b3
{[%clk 0:13:04]} 39. a3 {[%clk 0:12:15]} 39... c3 {[%clk 0:13:08]} 40. Nd3
{[%clk 0:11:25]} 40... Kf6 {[%clk 0:12:17]} 41. bxc3 {[%clk 0:10:58]} 41... Ke7
{[%clk 0:12:10]} 42. Nb2 {[%clk 0:11:07]} 42... Kd6 {[%clk 0:12:09]} 43. e4
{[%clk 0:09:59]} 43... Kc5 {[%clk 0:11:49]} 44. Kf3 {[%clk 0:09:36]} 44... Kd6
{[%clk 0:11:30]} 45. Kg4 {[%clk 0:09:50]} 45... f6 {[%clk 0:10:56]} 46. Kf5 {
[%clk 0:08:44]} 46... Ke7 {[%clk 0:10:11]} 47. e5 {[%clk 0:08:38]} 47... fxe5 {
[%clk 0:10:14]} 48. fxe5 {[%clk 0:08:39]} 48... h5 {[%clk 0:10:24]} 49. c4 {
[%clk 0:08:17]} 49... h4 {[%clk 0:10:41]} 50. c5 {[%clk 0:08:30]} 50... h3 {
[%clk 0:10:34]} 51. gxh3 {[%clk 0:08:50]} 51... Kd7 {[%clk 0:10:32]} 52. Kf6 {
[%clk 0:09:09]} 52... Kd8 {[%clk 0:10:22]} 53. Kf7 {[%clk 0:09:23]} 53... Kd7 {
[%clk 0:10:38]} 54. e6+ {[%clk 0:09:47]} 54... Kc6 {[%clk 0:10:34]} 55. e7 {
[%clk 0:10:08]} 55... Kxc5 {[%clk 0:10:54]} 56. e8=Q {[%clk 0:10:19]} 56... Kd4
{[%clk 0:11:12]} 57. Qe2 {[%clk 0:10:09]} 57... Kc3 {[%clk 0:11:28]} 58. h4 {
[%clk 0:10:14]} 58... Kd4 {[%clk 0:11:40]} 59. Qd3+ {[%clk 0:09:57]} 59... Ke5
{[%clk 0:11:56]} 60. h5 {[%clk 0:09:26]} 60... Kf4 {[%clk 0:12:00]} 61. h6 {
[%clk 0:08:59]} 61... Ke5 {[%clk 0:11:59]} 62. h7 {[%clk 0:09:10]} 62... Kf4 {
[%clk 0:11:59]} 63. h8=Q {[%clk 0:07:38]} 63... Kg5 {[%clk 0:12:14]} 64. Qf6+ {
[%clk 0:07:27]} 64... Kg4 {[%clk 0:12:32]} 65. Qdg6+ {[%clk 0:07:25]} 65... Kh3
{[%clk 0:12:29]} 66. Qh8# {[%clk 0:07:08]} 1-0

[Event "DEM U10w 2019"]
[Site "Willingen GER"]
[Date "2019.06.13"]
[Round "8"]
[White "Haug, Mara"]
[Black "Moldovan, Tatiana"]
[Result "1-0"]
[Termination "normal"]
[Board "5"]
[WhiteElo "1097"]
[BlackElo "1269"]
[WhiteClock "00:28:27"]
[BlackClock "00:05:53"]
[PlyCount "91"]
[WhiteFideId "16259300"]
[BlackFideId "16287398"]
[EventCountry "GER"]
[EventRounds "11"]
[EventType "swiss"]
[EventDate "2019.06.08"]

1. e4 {[%clk 1:15:59]} 1... c5 {[%clk 1:15:57]} 2. Nf3 {[%clk 1:16:06]} 2... a6
{[%clk 1:16:22]} 3. c4 {[%clk 1:16:25]} 3... Nc6 {[%clk 1:15:51]} 4. d4 { [%clk
1:14:56]} 4... cxd4 {[%clk 1:15:27]} 5. Nxd4 {[%clk 1:15:17]} 5... Nxd4 { [%clk
1:15:15]} 6. Qxd4 {[%clk 1:15:38]} 6... e6 {[%clk 1:14:39]} 7. Nc3 { [%clk
1:14:34]} 7... Ne7 {[%clk 1:14:37]} 8. Be2 {[%clk 1:13:53]} 8... Ng6 { [%clk
1:14:48]} 9. Be3 {[%clk 1:08:24]} 9... d6 {[%clk 1:09:08]} 10. O-O { [%clk
1:06:05]} 10... e5 {[%clk 1:09:14]} 11. Qd2 {[%clk 1:04:36]} 11... Be7 { [%clk
1:08:57]} 12. f4 {[%clk 1:03:27]} 12... exf4 {[%clk 1:07:37]} 13. Bxf4 { [%clk
1:03:07]} 13... O-O {[%clk 1:06:17]} 14. Bg3 {[%clk 1:01:52]} 14... Re8 { [%clk
0:40:20]} 15. Rad1 {[%clk 0:59:52]} 15... Ne5 {[%clk 0:40:22]} 16. Qe3 { [%clk
0:48:12]} 16... Qc7 {[%clk 0:40:13]} 17. Qf2 {[%clk 0:45:13]} 17... Be6 { [%clk
0:39:47]} 18. Nd5 {[%clk 0:43:02]} 18... Qc5 {[%clk 0:36:09]} 19. Qxc5 { [%clk
0:42:23]} 19... dxc5 {[%clk 0:33:39]} 20. Bxe5 {[%clk 0:41:20]} 20... Rac8
{[%clk 0:33:13]} 21. Rf4 {[%clk 0:37:13]} 21... f6 {[%clk 0:31:02]} 22. Bc3
{[%clk 0:36:03]} 22... Kf8 {[%clk 0:20:24]} 23. e5 {[%clk 0:33:18]} 23... f5
{[%clk 0:19:26]} 24. g4 {[%clk 0:32:23]} 24... g6 {[%clk 0:19:46]} 25. gxf5
{[%clk 0:32:24]} 25... gxf5 {[%clk 0:18:59]} 26. Bg4 {[%clk 0:30:54]} 26... Bg5
{[%clk 0:19:04]} 27. Rff1 {[%clk 0:31:15]} 27... f4 {[%clk 0:18:57]} 28. Bxe6 {
[%clk 0:30:42]} 28... Rxe6 {[%clk 0:19:09]} 29. Nxf4 {[%clk 0:31:03]} 29...
Bxf4 {[%clk 0:18:38]} 30. Rxf4+ {[%clk 0:31:26]} 30... Ke7 {[%clk 0:19:02]} 31.
Rf6 {[%clk 0:31:05]} 31... Rg8+ {[%clk 0:18:29]} 32. Kf2 {[%clk 0:30:10]} 32...
Rg5 {[%clk 0:18:40]} 33. Rd5 {[%clk 0:27:27]} 33... Rxf6+ 34. exf6+ 34... Kf7 {
[%clk 0:06:35]} 35. Rxg5 {[%clk 0:27:51]} 35... b6 {[%clk 0:06:26]} 36. Rg7+ {
[%clk 0:28:07]} 36... Kf8 {[%clk 0:05:29]} 37. Rb7 {[%clk 0:28:17]} 37... h6 {
[%clk 0:04:00]} 38. f7 {[%clk 0:28:23]} 38... b5 {[%clk 0:04:03]} 39. cxb5 {
[%clk 0:28:33]} 39... axb5 {[%clk 0:04:27]} 40. b4 {[%clk 0:28:46]} 40... c4 {
[%clk 0:04:49]} 41. Kf3 {[%clk 0:29:03]} 41... h5 {[%clk 0:05:11]} 42. Kf4 {
[%clk 0:29:24]} 42... h4 {[%clk 0:05:40]} 43. Kf5 {[%clk 0:28:22]} 43... h3 {
[%clk 0:06:03]} 44. Bd2 {[%clk 0:28:42]} 44... Kg7 {[%clk 0:05:34]} 45. Ke6 {
[%clk 0:28:27]} 45... Kf8 {[%clk 0:05:53]} 46. Bh6# 1-0

[Event "DEM U10w 2019"]
[Site "Willingen GER"]
[Date "2019.06.13"]
[Round "8"]
[White "Bauer, Laura Sophie"]
[Black "Jannicke, Svea"]
[Result "0-1"]
[Termination "normal"]
[Board "7"]
[WhiteElo "1356"]
[BlackElo "1062"]
[PlyCount "100"]
[WhiteFideId "16253647"]
[BlackFideId "16287320"]
[EventCountry "GER"]
[EventRounds "11"]
[EventType "swiss"]
[EventDate "2019.06.08"]

1. e4 c6 2. d4 d5 3. Nc3 dxe4 4. Nxe4 Nf6 5. Nxf6+ exf6 6. Nf3 Bf5 7. Bd3 Bxd3
8. Qxd3 c5 9. O-O cxd4 10. Nxd4 Be7 11. Qb5+ Qd7 12. Qxd7+ Nxd7 13. Re1 Ne5 14.
f4 Nc6 15. Nxc6 bxc6 16. Bd2 Rb8 17. b3 Rb7 18. Rad1 O-O 19. Bc3 Re8 20. Bd4 a6
21. Bc5 Bxc5+ 22. Kh1 Rxe1+ 23. Rxe1 Kf8 24. h4 Bf2 25. Re2 Bxh4 26. Kh2 g5 27.
g3 Bxg3+ 28. Kxg3 Re7 29. Rxe7 Kxe7 30. fxg5 fxg5 31. b4 f5 32. a4 f4+ 33. Kf3
Kd6 34. c4 c5 35. b5 axb5 36. cxb5 Kc7 37. a5 Kb7 38. b6 c4 39. Ke2 g4 40. a6+
Kxa6 41. b7 Kxb7 42. Kd2 g3 43. Ke2 g2 44. Kf2 f3 45. Kg1 c3 46. Kh2 c2 47. Kh3
g1=Q 48. Kh4 c1=R 49. Kh5 Rc2 50. Kh6 Rh2# 0-1

[Event "DEM U10w 2019"]
[Site "Willingen GER"]
[Date "2019.06.13"]
[Round "8"]
[White "Moradi, Yassaman"]
[Black "Heutling, Sarah"]
[Result "0-1"]
[Termination "normal"]
[Board "8"]
[WhiteElo "1174"]
[BlackElo "1147"]
[PlyCount "116"]
[WhiteFideId "16279964"]
[BlackFideId "16287304"]
[EventCountry "GER"]
[EventRounds "11"]
[EventType "swiss"]
[EventDate "2019.06.08"]

1. e4 e5 2. Nf3 Nc6 3. d4 exd4 4. Nxd4 Qf6 5. Be3 Bc5 6. c3 Nge7 7. Bc4 O-O 8.
O-O Bb6 9. f4 d6 10. Re1 Nxd4 11. cxd4 d5 12. exd5 Qg6 13. Bf2 Bh3 14. Qf3 Bg4
15. Qg3 Nf5 16. Bd3 Rad8 17. Nc3 c6 18. Re5 Rd6 19. h3 Nxg3 20. Bxg6 Ne2+ 21.
Nxe2 Bxe2 22. Re1 hxg6 23. R1xe2 cxd5 24. Bh4 Bxd4+ 25. Kh2 Bxe5 26. Rxe5 Rc8
27. Re7 d4 28. Rxb7 d3 29. Be1 d2 30. Bxd2 Rxd2 31. b4 Rxa2 32. Kg3 Rcc2 33.
Kf3 Rxg2 34. b5 Kf8 35. Ke4 Rg3 36. Kd5 Rxh3 37. Kd6 Kg8 38. Rb8+ Kh7 39. Rb7
Re3 40. Rxf7 Rb3 41. Rb7 a6 42. b6 Rc2 43. Rb8 a5 44. Rb7 Rd3+ 45. Ke7 Re2+ 46.
Kf7 Rd4 47. f5 Kh6 48. Rb8 gxf5 49. b7 Rd7+ 50. Kf8 f4 51. Ra8 Rxb7 52. Ra6+
Kh7 53. Rxa5 Rd2 54. Ke8 f3 55. Ra1 Rd6 56. Rh1+ Kg6 57. Rg1+ Kf6 58. Re1 Rb8#
0-1

[Event "DEM U10w 2019"]
[Site "Willingen GER"]
[Date "2019.06.13"]
[Round "8"]
[White "Czäczine, Paula"]
[Black "Krasikova, Milana"]
[Result "0-1"]
[Termination "normal"]
[Board "9"]
[WhiteElo "1170"]
[BlackElo "1023"]
[PlyCount "78"]
[WhiteFideId "16249305"]
[BlackFideId "16287347"]
[EventCountry "GER"]
[EventRounds "11"]
[EventType "swiss"]
[EventDate "2019.06.08"]

1. e4 e5 2. Nf3 Nc6 3. d4 exd4 4. Nxd4 g6 5. Be3 Bg7 6. Bc4 Nge7 7. Nc3 d6 8.
O-O Bd7 9. f4 a6 10. f5 gxf5 11. exf5 Nxf5 12. Nxf5 Bxf5 13. Rxf5 Ne5 14. Qd5
Rf8 15. Bg5 f6 16. Qe6+ Qe7 17. Qxe7+ Kxe7 18. Nd5+ Ke6 19. Ne3+ Nxc4 20. Rf3
fxg5 21. Nxc4 Bd4+ 22. Kf1 g4 23. Re1+ Kd5 24. Rxf8 Rxf8+ 25. Ke2 Re8+ 26. Kd2
Rxe1 27. Kxe1 Kxc4 28. Kd2 Bxb2 29. Ke3 d5 30. Kf4 d4 31. Kxg4 d3 32. cxd3+
Kxd3 33. Kh5 c5 34. Kh6 c4 35. g4 c3 36. g5 c2 37. Kxh7 c1=Q 38. g6 Qc3 39. h4
Qg7# 0-1

[Event "DEM U10w 2019"]
[Site "Willingen GER"]
[Date "2019.06.13"]
[Round "8"]
[White "Schülke, Rosalie"]
[Black "Bakó, Evelin"]
[Result "0-1"]
[Termination "normal"]
[Board "10"]
[WhiteElo "995"]
[BlackElo "1152"]
[PlyCount "64"]
[WhiteFideId "16287436"]
[BlackFideId "16271823"]
[EventCountry "GER"]
[EventRounds "11"]
[EventType "swiss"]
[EventDate "2019.06.08"]

1. e4 c5 2. Nf3 e6 3. c4 Nc6 4. Nc3 Qc7 5. d4 cxd4 6. Nxd4 Nf6 7. Be2 Bb4 8.
Be3 Bxc3+ 9. bxc3 Nxe4 10. Qc2 Nf6 11. O-O O-O 12. Rfd1 b6 13. Nxc6 dxc6 14.
Bg5 Qe7 15. Rd3 h6 16. Bf4 e5 17. Bd2 Bf5 18. Re1 Bxd3 19. Bxd3 Rfe8 20. f3 b5
21. cxb5 cxb5 22. Bxb5 Qc5+ 23. Kh1 Qxb5 24. c4 Rac8 25. cxb5 Rxc2 26. Re2 Rd8
27. Rxe5 Rcxd2 28. h3 Rxa2 29. Kg1 Rdd2 30. Re1 Rxg2+ 31. Kh1 Nh5 32. Rg1 Ng3#
0-1

[Event "DEM U10w 2019"]
[Site "Willingen GER"]
[Date "2019.06.13"]
[Round "8"]
[White "Niederdorfer, Mathilda"]
[Black "Halas, Neele Zoe"]
[Result "0-1"]
[Termination "normal"]
[Board "11"]
[WhiteElo "1036"]
[BlackElo "1109"]
[PlyCount "110"]
[WhiteFideId "16275845"]
[BlackFideId "16287282"]
[EventCountry "GER"]
[EventRounds "11"]
[EventType "swiss"]
[EventDate "2019.06.08"]

1. e4 e5 2. f4 exf4 3. Nf3 Ne7 4. Bc4 d5 5. exd5 Nxd5 6. d4 Qe7+ 7. Be2 Ne3 8.
Qd3 Nxg2+ 9. Kf2 Ne3 10. Bxe3 Qxe3+ 11. Qxe3+ fxe3+ 12. Kxe3 Bf5 13. Kd2 c5 14.
d5 Bd6 15. c4 O-O 16. Nc3 a6 17. Rag1 Nd7 18. h3 Ne5 19. h4 Nxf3+ 20. Bxf3 Rab8
21. h5 b5 22. cxb5 axb5 23. h6 g6 24. Ne4 Bxe4 25. Bxe4 f5 26. Bc2 Rbd8 27. Rh4
Be5 28. d6 Rxd6+ 29. Kc1 Rd4 30. Rxd4 Bxd4 31. a4 Bxg1 32. axb5 c4 33. b3 cxb3
34. Bxb3+ Kh8 35. Kb2 Rb8 36. Bc4 Be3 37. Kc2 Bxh6 38. Kd3 Rd8+ 39. Ke2 Rd2+
40. Kf3 Rc2 41. Be6 Rb2 42. Bc4 Bd2 43. Be2 Bf4 44. Bc4 g5 45. Bd3 Rb3 46. Ke2
Kg7 47. Bxf5 Rxb5 48. Bd3 Re5+ 49. Kf2 Bg3+ 50. Kg2 h5 51. Bf1 h4 52. Kf3 Rf5+
53. Ke2 g4 54. Bg2 Rf2+ 55. Ke1 Rxg2+ 0-1

[Event "DEM U10w 2019"]
[Site "Willingen GER"]
[Date "2019.06.13"]
[Round "8"]
[White "Bakó, Isabella"]
[Black "Hoffmann, Svenja"]
[Result "1-0"]
[Termination "normal"]
[Board "12"]
[WhiteElo "1215"]
[BlackElo "1072"]
[PlyCount "91"]
[WhiteFideId "16287266"]
[BlackFideId "16287312"]
[EventCountry "GER"]
[EventRounds "11"]
[EventType "swiss"]
[EventDate "2019.06.08"]

1. e4 e5 2. Bc4 Nf6 3. d3 h6 4. Nc3 Nc6 5. h3 Bc5 6. Nge2 d6 7. O-O Be6 8. Be3
Bb6 9. Ng3 Qd7 10. Qf3 O-O-O 11. Nf5 g6 12. Nxh6 Nh5 13. Bxe6 Qxe6 14. Nxf7
Rhf8 15. Ng5 Qe7 16. Qg4+ Kb8 17. Ne6 Nf6 18. Bg5 Nxg4 19. Bxe7 Bxf2+ 20. Rxf2
Rxf2 21. Bxd8 Nxd8 22. Nxd8 Rf8 23. Ne6 Rf6 24. hxg4 Rxe6 25. Rf1 a6 26. Nd5 c6
27. Rf8+ Ka7 28. Nc3 g5 29. Rg8 b5 30. Rxg5 Kb6 31. Rg8 Ka5 32. g5 b4 33. Ne2
c5 34. g6 Re7 35. Ng3 Rd7 36. Nf5 d5 37. exd5 Rxd5 38. Ne7 Rd7 39. Re8 Kb5 40.
g7 c4 41. dxc4+ Kxc4 42. g8=Q+ Kc5 43. Rc8+ Kb6 44. Qe6+ Kb7 45. Qc6+ Ka7 46.
Ra8# 1-0

[Event "DEM U10w 2019"]
[Site "Willingen GER"]
[Date "2019.06.13"]
[Round "8"]
[White "Vöcking, Julia"]
[Black "Moldovan, Stela"]
[Result "0-1"]
[Termination "normal"]
[Board "13"]
[WhiteElo "812"]
[BlackElo "1193"]
[PlyCount "68"]
[WhiteFideId "16287444"]
[BlackFideId "16287380"]
[EventCountry "GER"]
[EventRounds "11"]
[EventType "swiss"]
[EventDate "2019.06.08"]

1. e4 c5 2. d3 a6 3. g3 Nc6 4. f4 d6 5. Nf3 g6 6. Bg2 Bg7 7. O-O e5 8. c3 Nge7
9. Be3 Be6 10. Nbd2 O-O 11. Nb3 f5 12. d4 fxe4 13. d5 exf3 14. Bxf3 Bh3 15. Bg2
Bxg2 16. Kxg2 exf4 17. Bxf4 Na7 18. Na5 Qxa5 19. Bg5 Rxf1 20. Qxf1 Nac8 21. Qf3
Qd8 22. Rf1 Qf8 23. Qe4 Qe8 24. Qe6+ Kh8 25. Bf6 Qg8 26. Bxg7+ Kxg7 27. Qf6+
Kh6 28. Rf4 Qxd5+ 29. Rf3 Nf5 30. Kf2 Qd2+ 31. Kg1 Qg5 32. Qf8+ Kh5 33. Kg2
Nh4+ 34. Kh3 Qg4# 0-1

[Event "DEM U10w 2019"]
[Site "Willingen GER"]
[Date "2019.06.13"]
[Round "8"]
[White "Wehling, Ida"]
[Black "Tran, Hanna Emilie Mai Hoa"]
[Result "0-1"]
[Termination "normal"]
[Board "15"]
[WhiteElo "1093"]
[BlackElo "1010"]
[PlyCount "82"]
[WhiteFideId "16287452"]
[BlackFideId "16267869"]
[EventCountry "GER"]
[EventRounds "11"]
[EventType "swiss"]
[EventDate "2019.06.08"]

1. e4 e5 2. Nf3 Nc6 3. Bc4 Bc5 4. d3 Nf6 5. h3 h6 6. a3 d5 7. exd5 Nxd5 8. Nbd2
O-O 9. O-O Be3 10. Bxd5 Bxd2 11. Bxd2 Qxd5 12. c4 Qd6 13. Re1 Re8 14. Qc2 Qg6
15. Kh1 b6 16. Qa4 Bb7 17. Re3 Nd4 18. Rae1 Nxf3 19. gxf3 a5 20. Rg1 Qf6 21.
Rg3 Bc6 22. Qd1 e4 23. dxe4 Qxb2 24. Qe2 Rad8 25. Bc3 Qc1+ 26. Kh2 f6 27. Bxf6
Rd2 28. Qe1 Rd1 29. Qxd1 Qxd1 30. Bxg7 Qf1 31. Bxh6+ Kf7 32. Rg7+ Kf6 33. Rg2
Kf7 34. Bf4 Rg8 35. Bg3 Rd8 36. Rg1 Qxc4 37. Bxc7 Rg8 38. Rb1 Bxe4 39. Bxb6
Bxb1 40. Bxa5 Qf1 41. h4 Qg2# 0-1

[Event "DEM U10w 2019"]
[Site "Willingen GER"]
[Date "2019.06.13"]
[Round "8"]
[White "Müller, Riyanna"]
[Black "Struebel, Katharina"]
[Result "1/2-1/2"]
[Termination "normal"]
[Board "16"]
[WhiteElo "918"]
[BlackElo "852"]
[PlyCount "69"]
[WhiteFideId "16287401"]
[BlackFideId "16284879"]
[EventCountry "GER"]
[EventRounds "11"]
[EventType "swiss"]
[EventDate "2019.06.08"]

1. e4 e5 2. Nf3 Nc6 3. Bc4 Bc5 4. Nc3 d6 5. d3 Bg4 6. h3 Bh5 7. g4 Bg6 8. Be3
Bb6 9. Qe2 Nf6 10. O-O-O Qd7 11. Nd2 O-O-O 12. Nb3 Rhe8 13. Bxb6 axb6 14. Bb5
d5 15. d4 dxe4 16. dxe5 Qe6 17. exf6 Qxf6 18. Bxc6 Qxc6 19. h4 f5 20. Rxd8+
Rxd8 21. Rd1 Re8 22. Rd4 fxg4 23. Qxg4+ Kb8 24. Qd7 Qf6 25. h5 Bxh5 26. Nxe4
Qf4+ 27. Kb1 Rxe4 28. Rxe4 Qxe4 29. Qxg7 Bg6 30. Qc3 Qh1+ 31. Nc1 h5 32. Qa3
Qe4 33. Qf8+ Ka7 34. Qa3+ Kb8 35. Qf8+ 1/2-1/2

[Event "DEM U10w 2019"]
[Site "Willingen GER"]
[Date "2019.06.13"]
[Round "8"]
[White "Neininger, Sarah"]
[Black "Richter, Johanna"]
[Result "1-0"]
[Termination "time forfeit"]
[Board "17"]
[WhiteElo "920"]
[BlackElo "936"]
[PlyCount "63"]
[WhiteFideId "16287410"]
[BlackFideId "16278925"]
[EventCountry "GER"]
[EventRounds "11"]
[EventType "swiss"]
[EventDate "2019.06.08"]

1. e4 d6 2. d4 Nf6 3. Nc3 g6 4. Bg5 Bg7 5. e5 dxe5 6. dxe5 Qxd1+ 7. Rxd1 Nfd7
8. e6 fxe6 9. Nf3 Nc6 10. Bc4 Nf6 11. O-O O-O 12. Rfe1 Kh8 13. Bxe6 Bxe6 14.
Rxe6 Rae8 15. Nd5 Nxd5 16. Rxd5 Bxb2 17. Nh4 Bd4 18. Re2 Bb6 19. Nf3 e6 20. Rd7
Rf5 21. h3 e5 22. Bh6 Rg8 23. Ng5 Rxg5 24. Bxg5 Rf8 25. Red2 Ba5 26. R2d5 Bb6
27. Rd2 Ba5 28. Re2 Nd4 29. Rxe5 Bc3 30. Rxc7 Ne2+ 31. Rxe2 Rf5 32. Re8+ {
Zeitueberschreitung} 1-0